1495 1310 1399 1462 1769 1572 1543 1985 1692 1185 1007 1604 1545 1797 1851 1958 1133 1323 1773 1250 1326 1078 1240 1118 1690 1320 1209 1171 1849 1235 1897 1046 1460 1562 1154 1775 1635 1350 1916 1806 1773 1303 1049 1737 1442 1598 1165 1368 1014 1858 1742 1650 1485 1251 1470 1005 1183 1225 1783 1131 1934 1564 1374 1724 1862 1557 1213 1981 1207 1097 1289 1920 1411 1706 1106 1418 1566 1138 1914 1328 1444 1379 1091 1355 1592 1977 1556 1354 1040 1160 1897 1187 1561 1402 1187 1250 1615 1288 1990 BCNSPRNW ULIB Ver.6.0+V

เปลี่ยนเป็นภาษาไทย

Change to English
 แสดงรายละเอียดบรรณานุกรม
  กลับหน้าหลัก

Brief Record : Get Marc (ISO 2709) : E-mail record : QR code < ปิดหน้าต่าง
LEADER : 00000nam 2200000uu 4500
001    13399124398
003     ULIB
008    150615s2557||||th 000 0 tha d
020    ^a9786161123826
060  4 ^aQS4^bช616ร
100 0  ^aชุติพร จริตงาม
245 00 ^aระบบต่อมไร้ท่อ /^cชุติพร จริตงาม
260    ^aนครสวรรค์:^bโรงพิมพ์สยามศิลป์,^c2557
300    ^a137 หน้า:^bภาพประกอบ
500    ^aโครงการตำรา วิทยาลัยพยาบาลบรมราชชนนี สวรรค์ประชารักษ์ นครสวรรค์
650  7 ^aระบบต่อมไร้ท่อ
650  7 ^aฮอร์โมน
945    ^p0^l0^i22970
999    ทศพร
รายการนี้ยังไม่มีแท็ก
คุณยังไม่ได้ล็อกอิน คุณสามารถมีกิจกรรมร่วมกับเว็บไซต์ได้ แต่ต้องล็อกอินก่อน ::
  ล็อกอิน

รายการสื่อสารสนเทศ

ลำดับที่ ประเภท เลขเรียก/บาร์โค้ด สถานที่ สถานะ
1. วิทยาศาสตร์การแพทย์ และสุขภาพ
วิทยาศาสตร์การแพทย์ และสุขภาพ
สถานะ=หนังสือเก่า
QS4 ช616ร ฉ.1 
  Barcode: 22970
ห้องสมุดวิทยาเขตนครสวรรค์
►ส่วนจัดเก็บหนังสือเก่า นว.
บนชั้น
  ขอยืม

รายการใกล้เคียง
    ผู้แต่ง [ชุติพร จริตงาม]

    หัวเรื่อง [ระบบต่อมไร้ท่อ]
    หัวเรื่อง [ฮอร์โมน]

BibComment


ยังไม่เคยถูกคอมเมนท์

คอมเมนท์ทรัพยากรรายการนี้
  คอมเมนท์: ระบบต่อมไร้ท่อ ..


 Copyright 2026. Bcnsprnw @Library